000 00364nam a2200145Ia 4500
008 230917s9999||||xx |||||||||||||| ||und||
040 _e54626
_aMAIN
041 _aEnglish
082 _a790 S17R
100 _aSearle, G A C, ed
245 0 _aRecreational economics and analysis
260 _aEssex
_bLongman Group
_c1975
300 _axvii, 190 p.
942 _cBK
999 _c223894
_d223894